000 01388nam a22002057a 4500
003 JO-AjAnu
005 20250929131808.0
008 250928b jo ||||| |||| 00| 0 ara d
040 _aJO-AjAnu
_bara
_cJO-AjAnu
_dJO-AjAnu
_erda
041 0 _aara
_hara
050 _aHD30.2
_b2025
100 1 _aالمحزم، أحمد عبدالعزيز عبدالله
_eمعد
_966672
245 0 _aأثر استخدام ذكاء الأعمال في التخطيط الاستراتيجي : دراسة تحليلية لآراء قيادات المؤسسة العامة للتدريب التقني والمهني بمنطقة الجوف = The Impact of Business Intelligence Utilization on Strategic Planning : An Analytical Study of the Opinions of Leaders at Technical and Vocational Training Corporation in the Al-Jouf Region /
_cاعداد أحمد عبد العزيز عبدالله المحزم ؛ اشراف نضال فواز حسين القضاة
260 _a2025
300 _a91 ورقة
504 _aرسالة جامعية( رسالة ماجستير في ادارة الاعمال)- جامعة عجلون الوطنية(عجلون، الاردن)- كلية الاعمال، قسم ادارة الاعمال، 2025.
650 7 0 _aادارة الاعمال- ذكاء الاعمال.
_966673
700 1 _aالقضاة، نضال فواز حسين
_eمشرف
_964939
942 _2lcc
_cTHS
_n0
999 _c33997
_d33997